000
00309 a2200145 4500
001
170101
020
_a
040
_c
Magnum
100
_a
Palombo, Antônio Sérgio
240
1
0
_a
As cicatrizes de nhonho
_l
por
245
1
0
_a
As cicatrizes de nhonho
362
0
_a
1899
697
_a
IJ/GERAL
942
_c
BK
999
_c
170101
_d
170101